| 000 | 00759cam a2200253 a 4500 | ||
|---|---|---|---|
| 020 | _a9058230074 | ||
| 040 | _cUKM | ||
| 082 | 0 | 0 | _a303 HAR 2000 C142 Or. |
| 245 | 0 | 0 |
_aBetween understanding and trust : _bthe public, science and technology / |
| 260 |
_aAustralia : _bHarwood Academic, _cc2000. |
||
| 300 |
_axv, 381 p. : _bill. ; _c24 cm. |
||
| 650 | 0 | _aScience | |
| 650 | 0 | _aMass media and technology. | |
| 650 | 0 | _aTechnology | |
| 650 | 0 | _aTechnological innovations | |
| 650 | 6 | _aSciences | |
| 650 | 6 | _aMédias et technologie. | |
| 650 | 6 | _aTechnologie | |
| 650 | 6 | _aInnovations | |
| 700 | 1 | _aDierkes, Meinolf. | |
| 700 | 1 | _aGrote, Claudia von. | |
| 856 | 4 | 2 | _uhttp://www.loc.gov/catdir/enhancements/fy0653/2002421686-d.html |
| 942 | _cAEDBB | ||
| 999 |
_c18343 _d18343 |
||